<?xml version="1.0" encoding="UTF-8"?><?xml-stylesheet type="text/xsl" href="static/style.xsl"?><OAI-PMH xmlns="http://www.openarchives.org/OAI/2.0/" xmlns:xsi="http://www.w3.org/2001/XMLSchema-instance" xsi:schemaLocation="http://www.openarchives.org/OAI/2.0/ http://www.openarchives.org/OAI/2.0/OAI-PMH.xsd"><responseDate>2026-04-17T11:26:36Z</responseDate><request verb="GetRecord" identifier="oai:www.recercat.cat:2072/527588" metadataPrefix="marc">https://recercat.cat/oai/request</request><GetRecord><record><header><identifier>oai:recercat.cat:2072/527588</identifier><datestamp>2024-12-11T17:34:43Z</datestamp><setSpec>com_2072_5164</setSpec><setSpec>com_2072_5163</setSpec><setSpec>col_2072_5169</setSpec></header><metadata><record xmlns="http://www.loc.gov/MARC21/slim" xmlns:dcterms="http://purl.org/dc/terms/" xmlns:xsi="http://www.w3.org/2001/XMLSchema-instance" xmlns:doc="http://www.lyncode.com/xoai" xsi:schemaLocation="http://www.loc.gov/MARC21/slim http://www.loc.gov/standards/marcxml/schema/MARC21slim.xsd">
   <leader>00925njm 22002777a 4500</leader>
   <datafield ind2=" " ind1=" " tag="042">
      <subfield code="a">dc</subfield>
   </datafield>
   <datafield ind2=" " ind1=" " tag="720">
      <subfield code="a">Heredero Marín, Álvaro</subfield>
      <subfield code="e">author</subfield>
   </datafield>
   <datafield ind2=" " ind1=" " tag="260">
      <subfield code="c">2022-09</subfield>
   </datafield>
   <datafield ind2=" " ind1=" " tag="520">
      <subfield code="a">Aquest treball de final de grau estudia els personatges antiherois i els valors de la
seva marca personal al sector del videojoc. La investigació presenta un estudi en
retrospectiva de l'antiheroi des dels seus orígens i el seu paper al món dels videojocs.
L'anàlisi pràctica, per altra banda, té com a objectiu detectar els atributs de la marca
personal d'aquests personatges i determinar si responen a un model matriu en què
combreguen elements propis que permetin desenvolupar la marca personal dels
antiherois.</subfield>
   </datafield>
   <datafield ind2=" " ind1=" " tag="520">
      <subfield code="a">Este trabajo de final de grado estudia los personajes antihéroes y los valores de su
marca personal en el sector del videojuego. La investigación presenta un estudio en
retrospectiva del antihéroe desde sus orígenes y su papel en el mundo de los
videojuegos. El análisis práctico, por otro lado, tiene como objetivo, detectar los
atributos de la marca personal de estos personajes y determinar si responden a un
modelo matriz en el que comulguen elementos propios que permitan desarrollar la
marca personal de los antihéroes.</subfield>
   </datafield>
   <datafield ind2=" " ind1=" " tag="520">
      <subfield code="a">This final degree work studies antihero characters and their personal brand values in the
video game industry. The research presents a retrospective study of the antihero from its
origins and its role in the world of video games. The practical analysis, on the other hand,
aims to detect the attributes of the personal brand of these characters and to determine
whether they respond to a matrix model in which they share elements that allow the
development of the personal brand of antiheroes.</subfield>
   </datafield>
   <datafield ind1="8" ind2=" " tag="024">
      <subfield code="a">http://hdl.handle.net/2072/527588</subfield>
   </datafield>
   <datafield ind2="0" ind1="0" tag="245">
      <subfield code="a">Construcción de la marca personal en personajes antiheroicos de los videojuegos</subfield>
   </datafield>
</record></metadata></record></GetRecord></OAI-PMH>